Agregados económicos y política pública

Uloženo v:
Podrobná bibliografie
Hlavní autor: Siegel, Barry N (Autor)
Médium: Kniha
Jazyk:španělština
Vydáno: Ciudad de México Fondo de Cultura Económica 1966
Vydání:2a. ed
Edice:Obras de Economía
Témata:
Tagy: Přidat tag
Žádné tagy, Buďte první, kdo vytvoří štítek k tomuto záznamu!

MARC

LEADER 00000nam a2200000 a 4500
001 UCR7701
003 CL-VaPUC
008 980519e19660000MX |||||||||||||||||spa|d
082 0 4 |a 336  |b SIE  |2 21 
100 0 |a Siegel, Barry N  |e author  |9 409090 
245 1 0 |a Agregados económicos y política pública 
250 |a 2a. ed 
300 |a 392 p 
942 |c BK 
945 |d 19980519 00:00:00  |a crobeson 
260 |a Ciudad de México  |b Fondo de Cultura Económica  |c 1966 
650 0 |a Política económica   |9 255029 
650 0 |a Hacienda pública  |9 258673 
650 7 |a INGRESO NACIONAL  |2 CL-VaPUC  |9 334289 
650 0 |a Gasto público  |9 335386 
650 0 |a Inversiones  |9 345867 
583 |a last modification  |c 19980519 00:00:00  |k Rodrigo Vera 
490 0 |a Obras de Economía 
999 |c 269291  |d 269289 
952 |0 0  |1 0  |4 0  |6 336_000000000000000_SIE_1966  |7 0  |8 A  |9 303000  |a BIBGIM  |b BIBGIM  |d 2019-11-20  |i 1993704  |o 336 SIE 1966  |p 1993704  |r 2025-01-15  |w 2019-11-20  |y BK  |k COM